| 000 | 00786nam a2200193 a 4500 | ||
|---|---|---|---|
| 003 | 0 | ||
| 005 | 20250515121239.0 | ||
| 008 | 030519s19uu xx 00 eng d | ||
| 050 |
_aPHS HV 8885 _b.Y37 2003 |
||
| 100 | _aYap, Rey Angelie D. | ||
| 245 |
_aThe Adjustments and effects on selected immediate family members whose relatives are imprisoned in National Bilibid Prison / _cRey Angelie D. Yap. |
||
| 260 |
_aLas PiƱas City, Philippines : _bSouthville International School and Colleges, _c2003. |
||
| 300 |
_a98 pages : _billustrations ; _c28 cm. |
||
| 504 | _aIncludes bibliographical references. | ||
| 650 |
_aPrisoners _xFamily relationships _zPhilippines. |
||
| 650 |
_aPrisoners' families _zPhilippines. |
||
| 650 |
_aPrisons _zPhilippines _xSocial aspects. |
||
| 942 |
_2lcc _cPASS |
||
| 999 |
_c96822 _d96822 |
||